LEADER 01187nam0-2200373---450 001 990008658900403321 005 20190916124253.0 010 $a1-933699-33-7 035 $a000865890 035 $aFED01000865890 035 $a(Aleph)000865890FED01 035 $a000865890 100 $a20080514d2008----km-y0itay50------ba 101 0 $aeng 102 $aUS 105 $aa-------001yy 200 1 $aCharacterization, diagnosis & management of plant viruses$feditors Govind P. Rao, P. Lava Kumar, Ramon J. Holguín-Peña 210 $aHouston, Texas$cStudium Press LLC$dc2008 215 $av.$cill.$d25 cm 327 0 $a2.: Horticultural Crops 3.: Vegetables and pulse Crops 610 0 $aVirologia vegetale 676 $a581.234$v20$zita 676 $a632.8$v23$zita 702 1$aRao,$bGovind P. 702 1$aLava Kumar,$bP. 702 1$aHolguín-Peña,$bRamon Jaime 801 0$aIT$bUNINA$gRICA$2UNIMARC 901 $aBK 912 $a990008658900403321 952 $a60 632.8 RAOG 2008-3$b11327$fFAGBC 952 $a60 632.8 RAOG 2008-2$b12063$fFAGBC 959 $aFAGBC 996 $aCharacterization, diagnosis & management of plant viruses$9715724 997 $aUNINA LEADER 00879nam a2200217 u 4500 001 991004403327007536 005 20251027121534.0 008 251027s2022 xx r 001 0 ita d 040 $aBibl. Dip.le Aggr. Ingegneria Innovazione - Sez. IngegneriaInnovazione$beng 082 0 $a338.476$223 100 1 $aBeghi, Giorgio$0529101 245 10$aIl fastidio della ricerca :$bla crisi del Centro Comune di Ricerca Euratom dal 1968 al 1973 /$cGiorgio Beghi 260 $aMilano :$bFAST,$c2003 300 $aXLIX, 305 p. :$bill. ;$c24 cm. +$e1 CD-ROM 500 $aIncludes bibliographical references 650 0$aJoint Research Centre (Euratom)$xHistory 650 0$aScientific research centers$xEuropean Union countries$xHistory 650 0$aResearch policy$xEuropean Union countries 912 $a991004403327007536 996 $aIl fastidio della ricerca$94452296 997 $aUNISALENTO